000 02838cam a2200469 i 4500
001 22978963
005 20250523065106.0
008 230217t20212021enka 000 j eng d
010 _a 2023286181
015 _aGBC133285
_2bnb
016 7 _a020120779
_2Uk
020 _a9781529361506
035 _a(OCoLC)on1260444536
040 _ctbs
041 0 _aeng
_afre
042 _alccopycat
050 0 0 _aPC2115
_b.R454 2021
100 _aRichards, Olly
_eauthor
_912403
245 1 0 _aShort stories in French for intermediate learners
_b: read for pleasure at your level and learn French the fun way!
_c/ Olly Richards ; series editor, Rebecca Moeller ; development editor, Bruno Paul ; translated by Karine Harrington ; illustrations by Stephen Johnson.
260 _aLondon :
_bJohn Murray Learning,
_c2021.
300 _axi, 246 pages :
_billustrations ;
_c20 cm
490 _aTeach yourself
490 _aForeign language graded reader series
505 0 _aIntroduction — How to read effectively — The six-step reading process — Un réve de feu — La persévérance finit par payer — Une ville horrible — Mon ami le super-ordinateur — Mathieu Mallard et al recette secrète du soda — La ville de Skull Tooth — Petits copains et petites copines — Le défi des monstres.
505 0 _aMapped to B1-B2 on the Common European Framework of Reference — A glossary for bolded words in each text — A bilingual word list — Full plot summary — Comprehension questions after each chapter.
520 _aAn unmissable collection of eight unconventional and captivating short stories for young adult and adult intermediate learners of French. What does this book give you? Eight stories in a variety of exciting genres, from science fiction and crime to history and thriller - making reading fun, while you learn a wide range of new vocabulary Controlled language at your level, to help you progress confidently Realistic spoken dialogues, to help you learn conversational expressions and improve your speaking ability Accessible grammar so you learn new structures naturally, in a stress-free way.
546 _aText in French and English.
650 0 _aFrench language
_xReaders
_912401
650 0 _aReaders (Adult)
_925300
650 0 _aFrench language
_xStudy and teaching
_xForeign speakers
_924325
650 0 _aFrench language
_vSelf-instruction
_925301
650 0 _aShort stories, French
_925302
655 0 _aReaders (Adult)
_922484
655 0 _aShort stories
_922375
655 0 _aInstructional and educational works
_923270
655 0 _aSelf-instructional works
_925331
700 _aMoeller, Rebecca Klevberg
_eeditor
_925299
700 _aPaul, Bruno
_eeditor
_925303
700 _aHarrington, Karine
_etranslator
_925304
700 _aJohnson, Steven
_eillustrator
_98277
942 _2lcc
999 _c4694
_d4694